चक्रव्यूह (Record no. 390595)

MARC details
000 -LEADER
fixed length control field 00403nam a2200157Ia 4500
008 - FIXED-LENGTH DATA ELEMENTS--GENERAL INFORMATION
fixed length control field 100122s9999 xx 000 0 und d
082 ## - DEWEY DECIMAL CLASSIFICATION NUMBER
Item number 74408
Classification number 823
100 ## - MAIN ENTRY--PERSONAL NAME
Personal name नायक श्रीकांत
245 ## - TITLE STATEMENT
Title चक्रव्यूह
250 ## - EDITION STATEMENT
Edition statement 1
260 ## - PUBLICATION, DISTRIBUTION, ETC. (IMPRINT)
Date of publication, distribution, etc 2008
300 ## - PHYSICAL DESCRIPTION
Extent 296
630 ## - SUBJECT ADDED ENTRY--UNIFORM TITLE
Uniform title चक्रव्यूह
730 ## - ADDED ENTRY--UNIFORM TITLE
Uniform title चक्रव्यूह
942 ## - ADDED ENTRY ELEMENTS (KOHA)
Koha item type Book
Holdings
Withdrawn status Lost status Damaged status Not for loan Home library Current library Date acquired Cost, normal purchase price Total Checkouts Full call number Barcode Date last seen Cost, replacement price Price effective from Koha item type Public note
        S.V. Pathak Library, Vile Parle S.V. Pathak Library, Vile Parle 09/18/2008 290.00   74408 SVPPARLE-74408 01/25/2010 290.00 01/25/2010 Book ", , ,"